[Event "Tourn. n8153"]
[Site "www.chess-mail.com"]
[Date "2015.04.14"]
[Round "1"]
[White "Drdoom"]
[Black "Anja"]
[WhiteElo "1720"]
[BlackElo "1680"]
[Result "0-1"]
[Round "1"]
1.e4 Ng8f6
2.e5 Nf6d5
3.d4 d6
4.h3 Nb8c6
5.Ng1f3 g6
6.c4 Nd5b6
7.exd6 cxd6
8.Nb1c3 Bf8g7
9.Bc1e3 O-O
10.Qd1d2 Bc8f5
11.Be3h6 Nc6b4
12.Bh6xg7 Nb4c2
{ resign }
0-1

[Event "Tourn. n8128"]
[Site "www.chess-mail.com"]
[Date "2015.04.14"]
[Round "1"]
[White "Azulmarino"]
[Black "Wildtiger"]
[WhiteElo "1570"]
[BlackElo "1539"]
[Result "0-1"]
[Round "1"]
1.e4 d5
2.Qd1f3 dxe4
3.Qf3xe4 Ng8f6
4.Qe4f3 Nb8c6
5.d3 Nc6d4
6.Qf3d1 e5
7.Bc1g5 Bf8e7
8.c3 Nd4e6
9.Ng1f3 Ne6xg5
10.Nb1d2 Bc8g4
11.Bf1e2 Ng5xf3
12.Be2xf3 Bg4xf3
13.Nd2xf3 Be7c5
14.Nf3xe5 Qd8e7
15.d4 Bc5b6
16.O-O O-O
17.Rf1e1 Qe7d6
18.Ne5c4 Qd6f4
19.Nc4e5 Ra8d8
20.Ne5d3 Qf4h6
21.Re1e3 Rd8d5
22.h3 Rd5g5
23.Nd3f4 Nf6d5
24.Nf4xd5 Kh8
25.Nd5b4 f5
26.Nb4d3 c5
27.Nd3e5 f4
28.Ne5f7 Kg8
29.Nf7xh6 gxh6
30.Re3e7 f3
31.g3 h5
32.Qd1d3 Rg5g7
33.Re7e5 cxd4
34.cxd4 h6
35.Re5xh5 Rf8f6
36.d5 Rg7xg3
37.Kf1 Rg3g2
38.d6 Rg2h2
39.Qd3d5 Kh7
40.d7 Rh2h1
{ resign }
0-1

[Event "Tourn. n8134"]
[Site "www.chess-mail.com"]
[Date "2015.04.14"]
[Round "1"]
[White "Iko"]
[Black "Olddog55"]
[WhiteElo "1510"]
[BlackElo "1690"]
[Result "0-1"]
[Round "1"]
1.e4 e5
2.Ng1f3 Nb8c6
3.Bf1b5 d6
4.Qd1e2 Bc8d7
5.d3 Ng8f6
6.Bb5c4 Bd7e6
7.Bc1g5 h6
8.Bg5xf6 Qd8xf6
9.Bc4xe6 Qf6xe6
10.Nb1c3 Bf8e7
11.Nc3d5 Be7d8
12.c4 Nc6d4
13.Nf3xd4 exd4
14.b3 c6
15.Nd5f4 Qe6e5
16.g3 Bd8a5
17.Kf1 Ba5c3
18.Ra1d1 b5
19.h4 a5
20.cxb5 Qe5xb5
21.h5 a4
22.Rd1b1 axb3
23.Rb1xb3 Qb5a4
24.Kg2 O-O
25.Rb3b6 Rf8e8
26.g4 d5
27.Qe2f3 Qa4xa2
28.exd5 cxd5
29.Nf4xd5 Ra8d8
30.Nd5c7 Re8e3
31.Qf3d1 Bc3a5
32.Rb6a6 Rd8c8
33.Nc7b5 Qa2d5
34.Kg1 Qd5xb5
35.Ra6xa5 Re3xd3
36.Qd1f1 Qb5b3
37.Kg2 Rc8c2
38.Qf1e1 Rd3e3
39.Qe1a1 Re3e2
40.Kf1 Qb3f3
41.Qa1xd4 Rc2c1
42.Qd4d1 Rc1xd1

0-1

[Event "Tourn. n7963"]
[Site "www.chess-mail.com"]
[Date "2015.04.14"]
[Round "1"]
[White "Pgcbies"]
[Black "Nimzo"]
[WhiteElo "2830"]
[BlackElo "2680"]
[Result "1/2-1/2"]
[Round "1"]
1.e4 e6
2.d4 d5
3.e5 c5
4.c3 Nb8c6
5.Ng1f3 Qd8b6
6.a3 Ng8h6
7.b4 cxd4
8.cxd4 Nh6f5
9.Bc1e3 Nf5xe3
10.fxe3 g6
11.Bf1d3 Bf8h6
12.Qd1e2 Nc6e7
13.g4 Bc8d7
14.Nb1c3 Bh6g7
15.O-O Ra8c8
16.Nc3b5 O-O
17.Nb5d6 Rc8b8
18.Nf3g5 f6
19.Ng5xh7 Kxh7
20.Qe2f2 Kg8
21.Qf2h4 Ne7f5
22.gxf5 exf5
23.Qh4f4 fxe5
24.dxe5 Rb8e8
25.Nd6xe8 Rf8xe8
26.Qf4d4 Qb6e6
27.Qd4xa7 Bg7xe5
28.Ra1e1 Qe6d6
29.Rf1f3 { draw }
1/2-1/2

[Event "Tourn. n8098"]
[Site "www.chess-mail.com"]
[Date "2015.04.14"]
[Round "1"]
[White "Szustan"]
[Black "Obisporey"]
[WhiteElo "2610"]
[BlackElo "2510"]
[Result "1/2-1/2"]
[Round "1"]
1.e4 c6
2.d4 d5
3.Nb1c3 dxe4
4.Nc3xe4 Bc8f5
5.Ne4g3 Bf5g6
6.h4 h6
7.Ng1f3 Ng8f6
8.h5 Bg6h7
9.Bf1d3 Bh7xd3
10.Qd1xd3 e6
11.O-O Bf8d6
12.Ng3e4 Nf6xe4
13.Qd3xe4 Nb8d7
14.Bc1d2 Nd7f6
15.Qe4h4 Nf6h7
16.Qh4e4 Nh7g5
17.Nf3xg5 hxg5
18.g4 Qd8e7
19.Rf1e1 O-O-O
20.c4 Bd6f4
21.Bd2xf4 gxf4
22.Qe4xf4 Qe7h4
23.Re1e4 f5
24.Re4xe6 Rh8xh5
25.Kf1 Qh4xg4
26.Qf4xg4 fxg4
27.Kg2 Rd8xd4
28.Re6e8 Kd7
29.Ra1e1 Rd4xc4
30.Re1e7 Kd6
31.Re7xb7 Rh5b5
32.Re8d8 Ke6
33.Rd8e8 Kd6
34.Re8d8 Kc5
35.Rd8d7 Rb5xb7
36.Rd7xb7 Rc4b4
37.Rb7xa7 Rb4xb2
38.Ra7xg7 Rb2xa2
39.Rg7xg4 Ra2a8
40.f4 Kd5
41.Rg4g5 Kd4
42.Kf3 { draw }
1/2-1/2

[Event "Tourn. n8070"]
[Site "www.chess-mail.com"]
[Date "2015.04.14"]
[Round "1"]
[White "Tartan"]
[Black "Krasin"]
[WhiteElo "2360"]
[BlackElo "2360"]
[Result "1-0"]
[Round "1"]
1.e4 d6
2.d4 Ng8f6
3.Nb1c3 g6
4.Ng1f3 Bf8g7
5.Bf1e2 O-O
6.O-O Bc8g4
7.Bc1e3 Nb8c6
8.d5 Bg4xf3
9.Be2xf3 Nc6e5
10.Bf3e2 c6
11.f4 Ne5d7
12.dxc6 bxc6
13.Qd1d3 Ra8b8
14.b3 Qd8c7
15.Ra1d1 Rf8d8
16.Nc3a4 Rb8b4
17.c4 c5
18.e5 dxe5
19.Na4xc5 exf4
20.Nc5a6 Qc7e5
21.Be3xf4 Qe5a5
22.Na6xb4 Qa5xb4
23.Qd3e3 Rd8c8
24.Qe3xa7  { time }
1-0

[Event "Tourn. n8133"]
[Site "www.chess-mail.com"]
[Date "2015.04.14"]
[Round "1"]
[White "Gorgo"]
[Black "Manolinex"]
[WhiteElo "2290"]
[BlackElo "2740"]
[Result "1-0"]
[Round "1"]
1.e4 c5
2.Ng1f3 d6
3.d4 cxd4
4.Nf3xd4 Ng8f6
5.Nb1c3 a6
6.Bc1e3 e5
7.Nd4b3 Bc8e6
8.Bf1e2 Bf8e7
9.Nc3d5 Nf6xd5
10.exd5 Be6f5
11.O-O Nb8d7
12.a4 O-O
13.a5 Ra8c8
14.c4 Bf5g6
15.Qd1d2 f5
16.f4 Nd7f6
17.Qd2b4 Nf6e4
18.Be2f3 Qd8d7
19.Bf3xe4 fxe4
20.fxe5 dxe5
21.Qb4c3 Rf8xf1
22.Ra1xf1 Bg6f7
23.h3 Be7d6
24.Rf1xf7 Qd7xf7
25.Nb3d2 Bd6c7
26.b4 Bc7d6
27.Nd2xe4 Qf7g6
28.Ne4xd6 Qg6xd6
29.Be3c5 Qd6f6
30.Qc3d3 Rc8c7
31.d6 Rc7f7
32.b5 axb5
33.a6 { resign }
1-0

[Event "Tourn. n8141"]
[Site "www.chess-mail.com"]
[Date "2015.04.14"]
[Round "1"]
[White "Anja"]
[Black "Vitoriccardo"]
[WhiteElo "1680"]
[BlackElo "1610"]
[Result "0-1"]
[Round "1"]
1.d4 Ng8f6
2.Ng1f3 d5
3.Bc1f4 Bc8f5
4.e3 Nb8d7
5.c4 e6
6.Nb1c3 Bf8b4
7.Bf1d3 Bf5xd3
8.Qd1xd3 c5
9.Bf4d6 dxc4
10.Qd3xc4 Nd7b6
11.Qc4b5 Qd8d7
12.Qb5xd7 Nb6xd7
13.a3 Bb4xc3
14.bxc3 Nf6e4
15.dxc5 Nd7xc5
16.Bd6xc5 Ne4xc5
17.O-O O-O
18.Rf1d1 Rf8d8
19.Nf3d4 Rd8d6
20.Ra1b1 Ra8d8
21.Rd1c1 a6
22.Rb1b2 e5
23.Nd4f3 Rd6d1
{ resign }
0-1

[Event "Tourn. n8031"]
[Site "www.chess-mail.com"]
[Date "2015.04.14"]
[Round "1"]
[White "Luban"]
[Black "Samael"]
[WhiteElo "2090"]
[BlackElo "2090"]
[Result "0-1"]
[Round "1"]
1.d4 d5
2.Ng1f3 e6
3.e3 Ng8f6
4.a3 h6
5.c4 Nb8c6
6.Nb1c3 Bf8e7
7.Bf1e2 O-O
8.O-O Bc8d7
9.Be2d3 a6
10.h3 Kh8
11.cxd5 exd5
12.Bd3c2 Nc6a7
13.Qd1d3 c6
14.e4 dxe4
15.Nc3xe4 Bd7f5
16.Qd3e2 Bf5xe4
17.Bc2xe4 Rf8e8
18.Qe2c2 Nf6xe4
19.Qc2xe4 Be7xa3
20.Qe4g4 Ba3f8
21.Bc1e3 Qd8c8
22.Qg4xc8 Na7xc8
23.Nf3e5 Nc8d6
24.Be3f4 Kg8
25.Ne5d7 Ra8d8
26.Nd7c5 f6
27.Ra1d1 Re8e7
28.Rf1e1 Re7xe1
29.Rd1xe1 Kf7
30.Re1d1 Nd6f5
31.Nc5b3 c5
32.Bf4c7 Rd8d7
33.Bc7b6 cxd4
34.g4 Nf5h4
35.Nb3xd4 Nh4f3
36.Kg2 Nf3xd4
37.Rd1xd4 Rd7xd4
38.Bb6xd4 Ke6
39.Kf3 Kd5
40.Bd4c3 Kc4
41.Ke4 b5
42.f4 b4
43.Bc3d4 Bf8c5
44.Bd4xc5 Kxc5
45.Kf5 a5
46.Kg6 a4
{ resign }
0-1

[Event "Tourn. n8079"]
[Site "www.chess-mail.com"]
[Date "2015.04.14"]
[Round "1"]
[White "Derfel83"]
[Black "Falcoale"]
[WhiteElo "1800"]
[BlackElo "1860"]
[Result "1-0"]
[Round "1"]
1.e4 c5
2.Nb1c3 e6
3.Ng1f3 d5
4.exd5 Ng8f6
5.Qd1e2 b6
6.dxe6 Bc8xe6
7.g3 Nb8d7
8.Bf1g2 Ra8b8
9.d4 Bf8e7
10.Bc1f4 O-O
11.Bf4xb8 Qd8xb8
12.O-O-O Rf8e8
13.dxc5 Nd7xc5
14.Nf3d4 Be7f8
15.Nd4c6 Qb8c8
16.Nc6xa7 Qc8a6
17.Qe2xa6 Nc5xa6
18.a3 Nf6g4
19.Rd1d2 Na6c5
20.h3 Ng4f6
21.f4 Be6f5
22.Nc3d5 Nf6xd5
23.Bg2xd5 Bf5e6
24.Rh1e1 Bf8e7
25.g4 g5
26.f5 Be6xd5
27.Rd2xd5 Kf8
28.b4 Nc5b7
29.Na7c6 Be7d6
30.Re1xe8 Kg7
31.c3 Bd6f4
32.Kc2 Nb7d6
33.Re8e7 Nd6c4
34.Kd3 Nc4xa3
35.Nc6e5 { resign }
1-0

[Event "Tourn. n7978"]
[Site "www.chess-mail.com"]
[Date "2015.04.14"]
[Round "1"]
[White "Falcoale"]
[Black "Generalfree"]
[WhiteElo "1870"]
[BlackElo "1900"]
[Result "1/2-1/2"]
[Round "1"]
1.e4 e5
2.Ng1f3 Ng8f6
3.Nb1c3 d6
4.Bf1c4 Bc8d7
5.d3 h6
6.h3 a6
7.Bc1d2 b5
8.Bc4b3 c6
9.a3 Bf8e7
10.g4 g5
11.Nf3h2 a5
12.f3 a4
13.Bb3a2 Qd8b6
14.Nh2f1 Nb8a6
15.Nf1e3 Na6c5
16.b4 axb3
17.cxb3 Nc5xd3
18.Kf1 Ra8xa3
19.Kg2 Nd3b4
20.Bd2c1 Nb4xa2
21.Nc3xa2 Ra3a7
22.Bc1d2 c5
23.Bd2e1 c4
24.bxc4 Qb6xe3
25.Be1f2 Qe3a3
26.Bf2xa7 Qa3xa7
27.Na2b4 Qa7c5
28.Nb4d5 Nf6xd5
29.cxd5 O-O
30.Qd1b3 Rf8c8
31.Qb3b2 Qc5c2
32.Qb2xc2 Rc8xc2
33.Kg3 b4
34.Rh1b1 Rc2c4
35.Rb1b3 Be7d8
36.Ra1a8 Rc4c8
37.Ra8xc8 Bd7xc8
38.Rb3xb4 Kf8
39.Rb4b8 Bc8xg4
40.Rb8xd8 Ke7
41.Rd8h8 Bg4d7
42.Rh8xh6 f6
43.h4 gxh4
44.Kxh4 f5
45.Rh6h7 Kd8
46.Rh7xd7 Kxd7
47.Kg5 fxe4
{ draw }
1/2-1/2

[Event "Tourn. n8127"]
[Site "www.chess-mail.com"]
[Date "2015.04.14"]
[Round "1"]
[White "Krasin"]
[Black "Woodpusher2"]
[WhiteElo "2330"]
[BlackElo "2590"]
[Result "0-1"]
[Round "1"]
1.d4 Ng8f6
2.c4 c5
3.d5 b5
4.Ng1f3 Bc8b7
5.Nb1c3 b4
6.Nc3b1 e6
7.Bc1g5 h6
8.Bg5h4 g5
9.Bh4g3 exd5
10.cxd5 Bb7xd5
11.Nb1d2 Nb8c6
12.e3 Bf8e7
13.Bf1d3 O-O
14.e4 Bd5e6
15.e5 Nf6d5
16.Nd2e4 g4
17.Nf3d2 h5
18.h3 h4
19.hxg4 Kg7
20.Bg3h2 Rf8h8
21.Nd2c4 h3
22.gxh3 Rh8xh3
 { time }
0-1

[Event "Tourn. n8070"]
[Site "www.chess-mail.com"]
[Date "2015.04.14"]
[Round "1"]
[White "Krasin"]
[Black "Squimichele"]
[WhiteElo "2330"]
[BlackElo "2490"]
[Result "0-1"]
[Round "1"]
1.e4 c6
2.d4 d5
3.e5 Bc8f5
4.Ng1f3 e6
5.Bf1e2 Nb8d7
6.O-O Ng8e7
7.c4 dxc4
8.Be2xc4 Nd7b6
9.Bc4d3 Qd8d7
10.Nb1c3 h6
11.Bc1e3 Bf5xd3
12.Qd1xd3 Ne7f5
13.Nc3e4 Bf8e7
14.Ra1d1 O-O-O
15.a4 Nb6xa4
16.Rd1a1 Na4c5
17.Ne4xc5 Be7xc5
18.Rf1d1 Bc5b6
19.b4 Kb8
20.Qd3a3 g5
21.h3 Rd8g8
22.Nf3d2 g4
23.h4 g3
24.Nd2c4 Qd7d5
 { time }
0-1

[Event "Match"]
[Site "www.echecsemail.com"]
[Date "2015.04.14"]
[Round "1"]
[White "Gmi42"]
[Black "Castletyme"]
[WhiteElo "1809"]
[BlackElo "1900"]
[Result "0-1"]
[Round "1"]
1.e4 e6
2.d3 Nb8c6
3.g3 Ng8f6
4.Bf1g2 Bf8e7
5.Nb1d2 O-O
6.Ng1f3 d6
7.O-O e5
8.Rf1e1 Bc8g4
9.h3 Bg4xf3
10.Nd2xf3 Nc6d4
11.Nf3xd4 exd4
12.f4 Ra8b8
13.Qd1f3 c5
14.g4 Nf6d7
15.g5 f6
16.gxf6 Nd7xf6
17.e5 dxe5
18.fxe5 Nf6d7
19.Qf3d5 Kh8
20.Bc1d2 Nd7b6
21.Qd5xd8 Be7xd8
22.e6 Bd8e7
23.Re1f1 Rf8f6
24.Rf1xf6 gxf6
25.Bd2f4 Rb8g8
26.Kh2 Nb6a4
27.b3 Na4c3
28.Bg2xb7 Nc3e2
29.Bf4d2 Be7d6
 { time }
0-1

[Event "Match"]
[Site "www.echecsemail.com"]
[Date "2015.04.14"]
[Round "1"]
[White "Holmjb"]
[Black "Amaya"]
[WhiteElo "2020"]
[BlackElo "2010"]
[Result "1-0"]
[Round "1"]
1.c4 Ng8f6
2.Nb1c3 g6
3.g3 Bf8g7
4.Bf1g2 O-O
5.Ng1f3 d6
6.O-O e5
7.d3 Bc8g4
8.h3 Bg4d7
9.Ra1b1 c6
10.b4 Qd8c8
11.Kh2 Rf8d8
12.Bc1b2 Nb8a6
13.a3 Na6c7
14.a4 a6
15.a5 h6
16.Nc3a4 Bd7e6
17.Na4b6 Qc8b8
18.Nb6xa8 Nc7xa8
19.Qd1c2 Be6f5
20.e4 Bf5e6
21.Rb1d1 Qb8c8
22.Rf1e1 b6
23.axb6 Na8xb6
24.Rd1a1 Qc8b7
25.Bb2c3 Rd8a8
26.Re1b1 Qb7d7
27.Ra1a3 g5
28.g4 h5
29.gxh5 g4
30.Nf3g5 gxh3
31.Ng5xh3 Nf6xh5
32.Qc2d2 Nh5f6
33.f3 Kf8
34.Rb1h1 Bg7h6
35.Qd2f2 Be6g4
36.Qf2xb6 Bg4xf3
37.Bg2xf3 Nf6g4
38.Kg2 Ng4e3
39.Kf2 Ne3g4
40.Ke2 Bh6e3
41.Qb6a5 Be3f4
42.Nh3xf4 exf4
43.Qa5h5 Ra8e8
44.Bf3xg4 Qd7e7
45.Qh5h8 { resign }
1-0

[Event "Match"]
[Site "www.echecsemail.com"]
[Date "2015.04.14"]
[Round "1"]
[White "Bojan"]
[Black "Jafarhayder"]
[WhiteElo "1960"]
[BlackElo "1250"]
[Result "0-1"]
[Round "1"]
1.e4 e6
2.d4 d5
3.e5 c5
4.c3 Qd8b6
5.b3 Nb8c6
6.Ng1f3 Bc8d7
7.Bc1e3 h5
8.Nf3g5 Ng8h6
9.h3 Nh6f5
10.Ng5f3 Bf8e7
11.Nb1a3 cxd4
12.Nf3xd4 Nf5xd4
13.Na3c2 Nd4xc2
14.Qd1xc2 Qb6c7
15.f4 a6
16.g3 Ra8c8
17.Qc2d2 Nc6xe5
18.Kf2 Ne5g6
19.Be3d4 Be7f6
20.Bd4xf6 gxf6
21.Ra1c1 h4
22.c4 hxg3
23.Kxg3 b5
24.Bf1e2 dxc4
25.Qd2d4 e5
26.Qd4e3 Ng6xf4
27.Be2xc4 bxc4
28.Rc1xc4 Qc7b7
29.Rc4e4 Rh8g8
30.Kf2 Rc8c2
31.Ke1 Nf4g2
{ resign }
0-1

[Event "Match"]
[Site "www.echecsemail.com"]
[Date "2015.04.14"]
[Round "1"]
[White "Haukia"]
[Black "Kollipaa"]
[WhiteElo "2170"]
[BlackElo "1970"]
[Result "1-0"]
[Round "1"]
1.d4 b6
2.c4 Bc8b7
3.Nb1c3 e6
4.e4 Ng8e7
5.Ng1f3 Ne7g6
6.h4 Bf8e7
7.h5 Ng6f8
8.Bc1f4 d6
9.Qd1d2 h6
10.Bf1e2 Nf8d7
11.g4 c5
12.d5 e5
13.Bf4e3 Nd7f6
14.g5 hxg5
15.Nf3xg5 Bb7c8
16.Qd2d1 Nf6h7
17.Ng5xh7 Rh8xh7
18.Qd1d2 Nb8d7
19.O-O-O Nd7f6
20.Rd1g1 Bc8d7
21.Be2f3 Be7f8
22.Bf3e2 a5
23.f4 Qd8e7
24.f5 O-O-O
25.a4 Kb7
26.b3 Qe7e8
27.Be2f3 Bf8e7
28.Rh1h2 Qe8h8
29.Rg1h1 Qh8g8
30.Qd2g2 Rd8f8
31.Nc3d1 Bd7c8
32.Nd1f2 Qg8h8
33.Nf2g4 Nf6xg4
34.Bf3xg4 Be7f6
35.Bg4d1 Kc7
36.Be3d2 Bc8d7
37.h6 gxh6
38.Rh2xh6 Rh7xh6
39.Rh1xh6 Qh8g7
40.Qg2xg7 Bf6xg7
41.Rh6h7 Rf8g8
42.Bd1h5 Bd7e8
43.Bd2g5 Kd7
44.Bg5h4 Rg8h8
45.Rh7xh8 Bg7xh8
46.f6 Kd8
47.Kd2 Kd7
48.Ke3 Kd8
49.Kf3 Kd7
50.Kg4 { resign }
1-0

[Event "Match"]
[Site "www.echecsemail.com"]
[Date "2015.04.14"]
[Round "1"]
[White "Cardiff"]
[Black "Hundegana"]
[WhiteElo "1930"]
[BlackElo "1910"]
[Result "1/2-1/2"]
[Round "1"]
1.d4 Ng8f6
2.c4 d5
3.cxd5 Nf6xd5
4.e4 Nd5b6
5.Nb1c3 c6
6.Bc1e3 e6
7.Ng1f3 Bf8e7
8.Bf1e2 Nb8d7
9.O-O O-O
10.Ra1c1 h6
11.a4 Be7b4
12.Qd1b3 Bb4xc3
13.bxc3 Rf8e8
14.a5 Nb6d5
15.exd5 cxd5
16.c4 Qd8xa5
17.cxd5 Qa5xd5
18.Be2c4 Qd5a5
19.Rc1a1 Qa5d8
20.d5 Nd7f8
21.Rf1d1 Qd8f6
22.dxe6 Bc8xe6
23.Bc4xe6 Nf8xe6
24.Qb3xb7 Re8b8
25.Qb7c6 Rb8c8
26.Qc6b5 a6
27.Ra1xa6 Ra8xa6
28.h3 Ra6c6
29.Nf3e5 Rc6c7
30.Ne5d7 Qf6e7
31.Nd7e5 Kh7
32.Qb5d3 g6
33.Qd3b5 Ne6f8
34.Ne5g4 g5
35.Be3d4 Nf8g6
36.Ng4f6 Qe7xf6
37.Bd4xf6 Rc7c5
38.Qb5d7 Rc5c7
39.Qd7f5 Rc7c5
40.Qf5d7 Rc5c7
41.Qd7d5 Kg8
42.g3 Kh7
43.Qd5f3 Kg8
44.Rd1d8 Rc8xd8
45.Bf6xd8 Rc7c1
46.Kg2 Rc1c8
47.Bd8f6 Kh7
48.Qf3b3 Kg8
49.Qb3b7 Rc8e8
50.Kf3 Re8e6
51.Qb7c8 Kh7
52.Bf6c3 h5
53.Kg2 Re6e7
54.Qc8d8 g4
55.hxg4 hxg4
56.Qd8d4 Ng6e5
57.Qd4xe5 Re7xe5
58.Bc3xe5 Kg6
59.f3 gxf3
60.Kxf3 Kf5
61.Be5c3 Kg5
62.Bc3d2 Kf5
63.g4 Ke5
64.Kg3 Ke6
65.g5 Kf5
66.Kh4 f6
67.gxf6 { draw }
1/2-1/2

[Event "Match"]
[Site "www.echecsemail.com"]
[Date "2015.04.14"]
[Round "1"]
[White "Harrytheking"]
[Black "Caspito"]
[WhiteElo "1690"]
[BlackElo "1800"]
[Result "0-1"]
[Round "1"]
1.c4 e5
2.e4 Ng8f6
3.Nb1c3 Bf8c5
4.Ng1h3 d6
5.a3 Bc8xh3
6.gxh3 Nb8c6
7.b4 Bc5d4
8.Qd1e2 Qd8d7
9.Bc1b2 Bd4b6
10.d3 O-O-O
11.Nc3d5 Nf6xd5
12.cxd5 Nc6d4
13.Qe2d1 f5
14.a4 a6
15.a5 Bb6a7
16.Bf1g2 f4
17.h4 h6
18.O-O g5
19.hxg5 hxg5
20.h3 Rh8h4
21.Ra1c1 Rd8h8
22.Kh2 g4
23.Bb2xd4 Ba7xd4
24.Qd1c2 f3
25.Bg2h1 Rh4xh3
26.Kg1 Rh3xh1

0-1

[Event "Match"]
[Site "www.echecsemail.com"]
[Date "2015.04.14"]
[Round "1"]
[White "F14"]
[Black "Pablincho"]
[WhiteElo "1599"]
[BlackElo "1750"]
[Result "1-0"]
[Round "1"]
1.e4 c5
2.Ng1f3 Nb8c6
3.Bf1b5 Qd8c7
4.O-O d6
5.d4 a6
6.Bb5e2 e5
7.d5 Nc6d8
8.c4 Bf8e7
9.Nb1c3 h6
10.b4 Bc8d7
11.bxc5 Qc7xc5
12.Bc1e3 Qc5a5
13.Be3d2 Qa5c7
14.Qd1b3 Ng8f6
15.Bd2e3 O-O
16.Be3b6 Qc7c8
17.a4 a5
18.Nc3b5 Bd7xb5
19.axb5 Nf6xe4
20.Ra1xa5 Ra8xa5
21.Bb6xa5 Ne4c5
22.Qb3c2 f5
23.Ba5b6 Be7f6
24.h3 Nd8f7
25.Bb6xc5 dxc5
26.Nf3d2 b6
27.Rf1d1 e4
28.Qc2b3 Bf6d4
29.Nd2f1 Nf7e5
30.Qb3a2 Qc8b7
31.Nf1d2 e3
32.fxe3 Bd4xe3
33.Kh1 Rf8f6
34.Nd2f3  { time }
1-0

[Event "Match"]
[Site "www.echecsemail.com"]
[Date "2015.04.14"]
[Round "1"]
[White "Harrytheking"]
[Black "Whitekknight"]
[WhiteElo "1690"]
[BlackElo "1830"]
[Result "1/2-1/2"]
[Round "1"]
1.c4 c6
2.g3 Ng8f6
3.Nb1c3 e5
4.e4 Bf8b4
5.Bf1g2 Bb4xc3
6.bxc3 d6
7.Ng1e2 Bc8e6
8.Qd1b3 Qd8c7
9.d3 Nb8d7
10.Bc1a3 O-O
11.O-O b6
12.Rf1e1 Ra8d8
13.h3 c5
14.Ra1b1 Rd8b8
15.d4 cxd4
16.cxd4 exd4
17.Ne2xd4 Be6xc4
18.Qb3c3 Nd7e5
19.Nd4b5 Qc7d7
20.Nb5xd6 Qd7e6
21.Nd6xc4 Rb8c8
22.Ba3xf8 Kxf8
23.Qc3b4 Kg8
24.Nc4xe5 Qe6xe5
25.Rb1c1 Rc8e8
26.f4 Qe5b8
27.e5 Nf6d7
28.Qb4b5 Nd7c5
29.Re1d1 g6
30.Bg2c6 a6
31.Qb5c4 Re8c8
32.Rd1d6 Rc8c7
33.Rc1d1 Kg7
34.Rd6d8 Rc7c8
35.Rd8xc8 Qb8xc8
36.Bc6d5 Qc8c7
37.e6 fxe6
38.Qc4d4 Kf7
39.Bd5c4 Qc7e7
40.Qd4b2 b5
41.Bc4e2 Kg8
42.Qb2e5 Nc5d7
43.Qe5b2 Nd7f8
44.a4 bxa4
45.Be2xa6 Qe7a7
46.Kh2 Qa7xa6
47.Rd1d8 Qa6a7
48.Qb2a2 Kf7
49.Qa2a3 Qa7f2
50.Kh1 Qf2f1
51.Kh2 Qf1f2
52.Kh1 { draw }
1/2-1/2

[Event "Match"]
[Site "www.echecsemail.com"]
[Date "2015.04.14"]
[Round "1"]
[White "Fkarpov"]
[Black "Blackpool"]
[WhiteElo "2060"]
[BlackElo "1980"]
[Result "1-0"]
[Round "1"]
1.e4 c6
2.Nb1c3 d5
3.exd5 cxd5
4.Bf1b5 Bc8d7
5.Ng1f3 Bd7xb5
6.Nc3xb5 a6
7.Nb5d4 Ng8f6
8.O-O e6
9.Rf1e1 Bf8e7
10.Nf3g5 O-O
11.Qd1e2 Be7c5
12.Nd4xe6 fxe6
13.Ng5xe6 Qd8b6
14.Ne6xf8 Bc5xf8
15.Qe2e6 Kh8
16.Qe6xb6 { resign }
1-0

[Event "Match"]
[Site "www.echecsemail.com"]
[Date "2015.04.14"]
[Round "1"]
[White "F14"]
[Black "Supernovae"]
[WhiteElo "1850"]
[BlackElo "1910"]
[Result "0-1"]
[Round "1"]
1.d4 Ng8f6
2.c4 c5
3.e3 e6
4.Ng1f3 d5
5.cxd5 exd5
6.Bf1b5 Bc8d7
7.Bb5xd7 Nb8xd7
8.O-O Bf8e7
9.Nb1c3 O-O
10.Nc3e2 Rf8e8
11.dxc5 Nd7xc5
12.Ne2d4 Be7d6
13.b4 Nc5e4
14.Bc1b2 Bd6xb4
15.Qd1b3 Bb4d6
16.Bb2a3 Bd6xa3
17.Qb3xa3 Qd8d6
18.Qa3xd6 Ne4xd6
19.h3 Ra8c8
20.Rf1c1 Nf6e4
21.Rc1c2 Rc8xc2
22.Nd4xc2 Re8c8
23.Nc2d4 f6
24.a4 a6
25.Ra1a2 Rc8c1
26.Kh2 Ne4c3
27.a5 Nc3xa2
28.Kg3 Nd6e4
29.Kh2 Ne4xf2
30.Nd4b3 Rc1h1
31.Kg3 Nf2e4
32.Kf4 Na2c3
33.Nf3d4 Rh1f1
34.Nd4f3 Nc3e2
35.Kf5 Ne2g3
36.Ke6 Ne4c3
37.Nb3c5 Rf1f2
38.Nf3e1 Rf2e2
39.Ne1d3 Re2xe3
40.Kd7 Ng3f5
41.Kc7 Re3e7
42.Kb6 Nf5d6
43.g4 Nc3e4
44.Nc5xe4 dxe4
45.Nd3f4 e3
46.Nf4e2 Nd6c4
47.Ka7 Nc4xa5
48.Kb6 Na5c4
49.Kc5 Nc4e5
50.Kd4 Ne5f3
51.Kd3 Kf7
{ resign }
0-1

[Event "Match"]
[Site "www.echecsemail.com"]
[Date "2015.04.14"]
[Round "1"]
[White "F14"]
[Black "Andregor"]
[WhiteElo "1880"]
[BlackElo "2500"]
[Result "1-0"]
[Round "1"]
1.d4 e6
2.c4 b6
3.e4 Bc8b7
4.Nb1c3 Bf8b4
5.d5 Qd8e7
6.Bf1e2 Ng8f6
7.Qd1c2 exd5
8.cxd5  { time }
1-0

[Event "Match"]
[Site "www.echecsemail.com"]
[Date "2015.04.14"]
[Round "1"]
[White "F14"]
[Black "Drdoom"]
[WhiteElo "1870"]
[BlackElo "1720"]
[Result "1-0"]
[Round "1"]
1.d4 e6
2.e4 d5
3.Nb1c3 Bf8b4
4.e5 Bb4xc3
5.bxc3 f6
6.a4 c6
7.Ng1f3 Qd8e7
8.Bc1a3 Qe7c7
9.Bf1d3 b6
10.Qd1b1 Nb8d7
11.Qb1b4 c5
12.dxc5 bxc5
13.Qb4g4 Nd7xe5
14.Nf3xe5 Qc7xe5
15.Kd2 Ng8h6
16.Qg4xg7 Qe5f4
17.Ke1 Rh8g8
18.Bd3b5 Kd8
19.Qg7xh7 Rg8xg2
20.Ba3xc5 { resign }
1-0

[Event "Match"]
[Site "www.echecsemail.com"]
[Date "2015.04.14"]
[Round "1"]
[White "Udo"]
[Black "Gavroche"]
[WhiteElo "1510"]
[BlackElo "1830"]
[Result "0-1"]
[Round "1"]
1.e4 e5
2.a3 Ng8f6
3.Nb1c3 Bf8c5
4.d3 h6
5.Ra1b1 a5
6.Bf1e2 O-O
7.Bc1d2 d5
8.exd5 Nf6xd5
9.Nc3e4 Bc5b6
10.c4 Nd5f6
11.Ne4xf6 Qd8xf6
12.Bd2e3 c5
13.b4 axb4
14.axb4 Nb8d7
15.Ng1f3 cxb4
16.Be3d2 Rf8e8
17.Bd2xb4 Nd7c5
18.Nf3d2 Nc5xd3
19.Be2xd3 Qf6xf2
{ resign }
0-1

[Event "Match"]
[Site "www.echecsemail.com"]
[Date "2015.04.14"]
[Round "1"]
[White "Bbking"]
[Black "Caniplaywill"]
[WhiteElo "1530"]
[BlackElo "1499"]
[Result "1-0"]
[Round "1"]
1.e4 e5
2.Ng1f3 f6
3.d4 exd4
4.Nf3xd4 d5
5.Nb1c3 dxe4
6.Nc3xe4 b6
7.Bf1b5 c6
8.Nd4xc6 Qd8xd1
9.Kxd1 a6
10.Nc6xb8 axb5
11.Nb8c6 Bc8b7
12.Rh1e1 Bb7xc6
13.b3  { time }
1-0

[Event "Match"]
[Site "www.echecsemail.com"]
[Date "2015.04.14"]
[Round "1"]
[White "Theboss"]
[Black "Generalfree"]
[WhiteElo "1780"]
[BlackElo "1790"]
[Result "1-0"]
[Round "1"]
1.c4 e5
2.e4 Bf8c5
3.Nb1c3 Ng8f6
4.Ng1f3 Nf6g4
5.d4 exd4
6.Nf3xd4 Qd8f6
7.Bc1e3 Nb8c6
8.Nc3d5 Qf6e5
9.Qd1xg4 Bc5xd4
10.f4 Qe5xe4
11.Qg4f3 Qe4xf3
12.gxf3 Bd4xe3
13.Nd5xe3 O-O
14.O-O-O Nc6b4
15.Kb1 b6
16.Ne3d5 Nb4xd5
17.cxd5 d6
18.f5 Bc8xf5
19.Bf1d3 Bf5c8
20.f4 g6
21.h3 f5
22.Rh1e1 Bc8d7
23.Rd1c1 c5
24.dxc6 Bd7e8
25.c7 Be8d7
26.Bd3c4 Kh8
27.Re1e7 Bd7c8
28.Bc4d5 { resign }
1-0

[Event "1/64 Finale"]
[Site "www.chess-mail.com"]
[Date "2015.04.14"]
[Round "1"]
[White "Llord"]
[Black "Cl3537"]
[WhiteElo "1740"]
[BlackElo "1420"]
[Result "1-0"]
[Round "1"]
1.e4 e5
2.Ng1f3 Ng8f6
3.Nb1c3 Nb8c6
4.Bf1c4 d6
5.d3 Bf8e7
6.Nc3d5 Nf6xd5
7.exd5 Nc6d4
8.Nf3xd4 exd4
9.O-O O-O
10.Bc4b3 f5
11.Qd1h5 Qd8e8
12.Qh5xe8 Rf8xe8
13.Bb3a4 Re8d8
14.Bc1f4 h6
15.Ra1e1 b6
16.Re1xe7 a5
17.Rf1e1 g5
18.Bf4d2 f4
19.Re7e8 Rd8xe8
20.Re1xe8 Kf7
21.Re8e4 c5
22.Ba4c6 Ra8b8
23.c3 dxc3
24.Bd2xc3 Bc8f5
25.Re4e1 Bf5xd3
26.g3 c4
27.Kg2 fxg3
28.fxg3 Kg6
29.Re1e6 Kf7
30.Re6xh6 Bd3e4
31.Kf2 Ke7
32.Rh6h5 g4
33.Rh5h4 b5
34.Rh4xg4 Be4f5
35.Rg4g7 Kd8
36.Bc3f6 Kc8
37.h4 Bf5e4
38.h5 a4
39.Bc6d7 Kb7
40.Bd7f5 Ka6
41.Bf5xe4 Rb8f8
42.Rg7g6 b4
43.Ke3 b3
44.a3 Rf8c8
45.Bf6e7 Kb5
46.Rg6xd6 c3
47.Be4d3 Kc5
48.Rd6d8 Kb6
49.Rd8xc8 cxb2
50.d6 b1Q
51.Bd3xb1 Kb5
52.Bb1d3 Kb6
53.d7 b2
54.d8Q Kb7
55.Qd8c7 
1-0

[Event "Eq:Los Tercios-BEAC Hungary : "]
[Site "www.chess-mail.com"]
[Date "2015.04.14"]
[Round "1"]
[White "Lui"]
[Black "Hali"]
[WhiteElo "2310"]
[BlackElo "2180"]
[Result "1-0"]
[Round "1"]
1.e4 c5
2.Ng1f3 Nb8c6
3.d4 cxd4
4.Nf3xd4 Ng8f6
5.Nb1c3 e5
6.Nd4b5 d6
7.Bc1g5 a6
8.Nb5a3 b5
9.Bg5xf6 gxf6
10.Nc3d5 Bf8g7
11.Bf1d3 Nc6e7
12.Nd5xe7 Qd8xe7
13.O-O O-O
14.c4 f5
15.Qd1f3 d5
16.cxd5 fxe4
17.Bd3xe4 Ra8b8
18.Rf1d1 Rb8b6
19.Ra1c1 Rb6d6
20.Be4xh7 Kxh7
21.Rc1xc8 Rf8xc8
22.Qf3h3 Bg7h6
23.Qh3xc8 e4
24.Qc8h3 Qe7g5
25.Qh3b3 Qg5h5
26.h3 e3
27.Qb3d3 Kg8
28.fxe3 Bh6xe3
29.Kh1 Qh5g5
30.Na3c2 Rd6g6
31.Nc2xe3 { resign }
1-0

[Event "Tourn. n8104"]
[Site "www.chess-mail.com"]
[Date "2015.04.15"]
[Round "1"]
[White "Odin"]
[Black "Fabos12"]
[WhiteElo "1810"]
[BlackElo "1890"]
[Result "1-0"]
[Round "1"]
1.c4 g6
2.e3 Bf8g7
3.d4 Nb8c6
4.Ng1f3 e6
5.b3 Ng8e7
6.Bf1e2 O-O
7.Bc1b2 f5
8.Nb1c3 d5
9.Bb2a3 f4
10.exf4 Rf8xf4
11.Ba3c1 Rf4f8
12.Bc1g5 h6
13.Bg5h4 g5
14.Bh4g3 Ne7f5
15.Bg3e5 Bg7xe5
16.Nf3xe5 Nc6xe5
17.dxe5 d4
18.Nc3e4 c6
19.Ne4f6 Kg7
20.O-O Nf5e7
21.Qd1d3 Rf8h8
22.Qd3f3  { time }
1-0